000 01141nam a2200277 i 4500
001 178801
003 ES-MaACL
005 20240129115653.0
008 110704r20061918sp |||| | spa d
020 _a84-9761-282-5
080 _a821.111-14(082.2)
245 0 4 _aLas cien mejores poesías (líricas) de la lengua inglesa /
_ctraducidas directamente en verso por Fernando Maristany ; prólogo de Enrique Díez-Canedo.
246 3 _a100 mejores poesías líricas de la lengua inglesa
250 _aEd. facsímil.
260 _aValladolid :
_bMaxtor,
_c[2006]
300 _aXVI, 176 p. ;
_c15 cm.
505 8 _aContiene: ;
_tLas traducciones de Fernando Maristany y la prensa(
_g, p. 157-174)
534 _pReprod. de la ed. de:
_cValencia : Cervantes, 1918.
650 7 _aPoesías inglesas.
_916229
700 1 _aMaristany, Fernando.
_976897
700 1 _aDíez-Canedo, Enrique,
_d1879-1944
_944685
740 4 _aLas cien mejores poesías líricas de la lengua inglesa.
852 _aES-MaACL
_jA-11317
_9185662
_bR.146723
_cDEPO1
_dOlim: N-4321
942 _2udc
_cMONOGRAFIA
999 _c178801
_d178801